Where Did It Happen? (US History) Quiz Stats

 Plays Quiz Updated Aug 9, 2017

Also try: US States
Challenge
Share
Tweet
Score 0/50 Timer 12:00
16 Plays Today
% Correct
California
86.6%
Hawaii
86.5%
Texas
85.6%
Florida
82.4%
Utah
78.8%
Washington
78.2%
Pennsylvania
77.1%
Michigan
76.9%
South Dakota
76.7%
Oklahoma
75.9%
North Dakota
75.7%
North Carolina
73.4%
Alabama
73.3%
Illinois
72.6%
New Jersey
72.3%
Indiana
72.1%
Connecticut
69.8%
Nevada
69.2%
Georgia
68.6%
Wyoming
68.2%
West Virginia
65.4%
Arkansas
65.1%
Maine
63.6%
Missouri
62.1%
Virginia
61.4%
% Correct
Colorado
61.3%
Louisiana
58.8%
Rhode Island
58.2%
Alaska
55.7%
New York
55.2%
Oregon
53.4%
Massachusetts
53.3%
Tennessee
52.7%
South Carolina
51.5%
Arizona
51.2%
Minnesota
51.1%
Ohio
50.1%
Wisconsin
49.4%
New Mexico
48.9%
Kansas
47.4%
Kentucky
47.3%
Montana
47.2%
Maryland
43.8%
Vermont
39.9%
Delaware
34.8%
Nebraska
33.4%
Iowa
30.9%
Idaho
28.6%
Mississippi
27.7%
New Hampshire
21.9%

You're not logged in!

Compare scores with friends on all Sporcle quizzes.
OR
Log In

You Might Also Like...

Show Comments

Extras

Top Quizzes Today


Score Distribution

Your Account Isn't Verified!

In order to create a playlist on Sporcle, you need to verify the email address you used during registration. Go to your Sporcle Settings to finish the process.

Report this User

Report this user for behavior that violates our Community Guidelines.

Details: